|
|
|
|
| LEADER |
03882nam a22004935i 4500 |
| 001 |
978-3-319-11430-9 |
| 003 |
DE-He213 |
| 005 |
20151204155454.0 |
| 007 |
cr nn 008mamaa |
| 008 |
141030s2015 gw | s |||| 0|eng d |
| 020 |
|
|
|a 9783319114309
|9 978-3-319-11430-9
|
| 024 |
7 |
|
|a 10.1007/978-3-319-11430-9
|2 doi
|
| 040 |
|
|
|d GrThAP
|
| 050 |
|
4 |
|a Q342
|
| 072 |
|
7 |
|a UYQ
|2 bicssc
|
| 072 |
|
7 |
|a COM004000
|2 bisacsh
|
| 082 |
0 |
4 |
|a 006.3
|2 23
|
| 245 |
1 |
0 |
|a Computer Vision in Control Systems-2
|h [electronic resource] :
|b Innovations in Practice /
|c edited by Margarita N. Favorskaya, Lakhmi C. Jain.
|
| 264 |
|
1 |
|a Cham :
|b Springer International Publishing :
|b Imprint: Springer,
|c 2015.
|
| 300 |
|
|
|a XVI, 295 p. 139 illus., 72 illus. in color.
|b online resource.
|
| 336 |
|
|
|a text
|b txt
|2 rdacontent
|
| 337 |
|
|
|a computer
|b c
|2 rdamedia
|
| 338 |
|
|
|a online resource
|b cr
|2 rdacarrier
|
| 347 |
|
|
|a text file
|b PDF
|2 rda
|
| 490 |
1 |
|
|a Intelligent Systems Reference Library,
|x 1868-4394 ;
|v 75
|
| 505 |
0 |
|
|a Computer Vision in Advanced Control Systems: Innovations in Practice -- Human Action Recognition: Contour-Based and Silhouette-based Approaches -- The Application of Machine Learning Techniques to Real Time Audience Analysis Sy -- Panorama Construction from Multi-view Cameras in Outdoor Scenes -- A New Real-Time Method of Contextual Image Description and Its Application in Robot Navigation and Intelligent Control -- Perception of Audio Visual Information for Mobile Robot Motion Control Systems -- Adaptive Surveillance Algorithms Based on the Situation Analysis -- Enhanced, Synthetic and Combined Vision Technologies -- Navigation of Autonomous Underwater Vehicles Using Acoustic and Visual Data Processing -- Efficient Denoising Algorithms for Intelligent Recognition Systems -- Image Segmentation Based on Two-dimensional Markov Chains.
|
| 520 |
|
|
|a The research book is focused on the recent advances in computer vision methodologies and innovations in practice. The Contributions include: · Human Action Recognition: Contour-Based and Silhouette-based Approaches. · The Application of Machine Learning Techniques to Real Time Audience Analysis System. · Panorama Construction from Multi-view Cameras in Outdoor Scenes. · A New Real-Time Method of Contextual Image Description and Its Application in Robot Navigation and Intelligent Control. · Perception of Audio Visual Information for Mobile Robot Motion Control Systems. · Adaptive Surveillance Algorithms Based on the Situation Analysis. · Enhanced, Synthetic and Combined Vision Technologies for Civil Aviation. · Navigation of Autonomous Underwater Vehicles Using Acoustic and Visual Data Processing. · Efficient Denoising Algorithms for Intelligent Recognition Systems. · Image Segmentation Based on Two-dimensional Markov Chains. The book is directed to the PhD students, professors, researchers and software developers working in the areas of digital video processing and computer vision technologies.
|
| 650 |
|
0 |
|a Engineering.
|
| 650 |
|
0 |
|a Artificial intelligence.
|
| 650 |
|
0 |
|a Computational intelligence.
|
| 650 |
|
0 |
|a Control engineering.
|
| 650 |
1 |
4 |
|a Engineering.
|
| 650 |
2 |
4 |
|a Computational Intelligence.
|
| 650 |
2 |
4 |
|a Artificial Intelligence (incl. Robotics).
|
| 650 |
2 |
4 |
|a Control.
|
| 700 |
1 |
|
|a Favorskaya, Margarita N.
|e editor.
|
| 700 |
1 |
|
|a Jain, Lakhmi C.
|e editor.
|
| 710 |
2 |
|
|a SpringerLink (Online service)
|
| 773 |
0 |
|
|t Springer eBooks
|
| 776 |
0 |
8 |
|i Printed edition:
|z 9783319114293
|
| 830 |
|
0 |
|a Intelligent Systems Reference Library,
|x 1868-4394 ;
|v 75
|
| 856 |
4 |
0 |
|u http://dx.doi.org/10.1007/978-3-319-11430-9
|z Full Text via HEAL-Link
|
| 912 |
|
|
|a ZDB-2-ENG
|
| 950 |
|
|
|a Engineering (Springer-11647)
|